|
|
|
|
| LEADER |
00000nam0a2200000 4500 |
| 001 |
163230 |
| 005 |
20231101222400.0 |
| 035 |
|
|
|a (RuTPU)RU\TPU\book\177104
|
| 090 |
|
|
|a 163230
|
| 100 |
|
|
|a 20090811d2007 k y0rusy50 ca
|
| 101 |
0 |
|
|a rus
|
| 102 |
|
|
|a RU
|
| 105 |
|
|
|a a b 000zy
|
| 200 |
1 |
|
|a Оборудование для систем вентиляции воздуха
|e отраслевой каталог. 2007
|
| 205 |
|
|
|a [5-е изд.]
|
| 210 |
|
|
|a Москва
|c Арктика
|d 2007
|
| 215 |
|
|
|a 466 с.
|c ил.
|
| 300 |
|
|
|a Пилотнй выпуск.
|
| 606 |
1 |
|
|a Вентиляторы
|2 stltpush
|3 (RuTPU)RU\TPU\subj\2169
|9 30764
|
| 610 |
1 |
|
|a канальные вентиляторы
|
| 610 |
1 |
|
|a настенные вентиляторы
|
| 610 |
1 |
|
|a осевые вентиляторы
|
| 610 |
1 |
|
|a воздухораспределители
|
| 610 |
1 |
|
|a расчет
|
| 610 |
1 |
|
|a регуляторы
|
| 610 |
1 |
|
|a контроллеры
|
| 610 |
1 |
|
|a аксессуары
|
| 610 |
1 |
|
|a датчики
|
| 610 |
1 |
|
|a системы вентиляции
|
| 610 |
1 |
|
|a противопожарная вентиляция
|
| 610 |
1 |
|
|a каталоги
|
| 675 |
|
|
|a 621.63(085)
|v 3
|
| 801 |
|
1 |
|a RU
|b 63413507
|c 20090811
|
| 801 |
|
2 |
|a RU
|b 63413507
|c 20090828
|g RCR
|
| 942 |
|
|
|c BK
|